| 000 | 01024cam a22002651i 4500 | ||
|---|---|---|---|
| 003 | SA-RiAUC | ||
| 005 | 20250717083545.0 | ||
| 008 | 240917s1973 le f d 000 0 ara c | ||
| 040 |
_aJO-AmJU _bara _cSA-RiAUC _erda |
||
| 082 | 0 | 4 |
_a258.403 _qSA-RiAUC |
| 090 |
_a258.403 _bك و ي |
||
| 245 | 0 | 0 |
_aمعجم الفقه الحنبلي : _bمستخلص من كتاب المغني لابن قدامة. |
| 250 | _aالطبعة الأولى. | ||
| 264 | 1 |
_aبيروت : _bدار الكتاب العربي، _c1973 |
|
| 300 |
_a2 مجلد ؛ _c28 سم |
||
| 336 |
_aنص _btxt _2rdacontent _3كتاب |
||
| 337 |
_aبدون وسيط _bn _2rdamedia |
||
| 338 |
_aمجلد _bnc _2rdacarrier |
||
| 650 | 7 |
_aالفقه الحنبلي _vمعاجم _2aucsh |
|
| 650 | 7 |
_aالفقه الإسلامي _xمذاهب _vمعاجم _2aucsh |
|
| 700 | 1 | 2 |
_aابن قدامة، عبد الله بن أحمد، _d541-620 هجري _tالمغني. |
| 740 | 2 | 2 | _aالمغني. |
| 942 |
_2ddc _cBOOK _n0 |
||
| 949 |
_aSA-JeALM _d240917 _umohamedma123 _n1 |
||
| 999 |
_c10009 _d10009 |
||